00404nam a2200121Ia 4500008004100000024004700041082001800088100004900106245004300155260002500198600002100223650003800244250506s9999 xx 000 0 und d a01B-BCS3Y, 00B-17-BCS3Y & 02A-44-BCS3Y a005.74072 FAI aFaisal Siraj, Sadiq Ali & Kamran A. Siddiqui 0aHospital Information Management System aKarachi:bUIT,c2002 aComputer Science aBachelor of Computer Science (BS)